| 000 | 00409nam a2200181Ia 4500 | ||
|---|---|---|---|
| 005 | 20250423101203.0 | ||
| 008 | 250422s9999 xx 000 0 und d | ||
| 020 | _a9780302212 | ||
| 050 | _aPR 9387 .9 .O945 B66/ | ||
| 100 | _aOyekanmi, A. O | ||
| 245 | 4 | _aThe boomerang | |
| 260 | _aIbadan | ||
| 260 | _bUniversity Press | ||
| 260 | _c2009 | ||
| 300 | _a42 p | ||
| 650 | _aLiterature | ||
| 942 | _cBK | ||
| 999 |
_c35552 _d35552 |
||